LDR 00990naa#a2200181#i#450# 001 RU\\bibl\121467 005 20260514133111.4 011 ## _a1994-4683 100 ## _a20230531b2023####ek#y0rusy0150####ca 102 ## _aRU 200 1# _aВЗАИМОСВЯЗЬ РАЗМАХА РУК И РОСТА С РЕЗУЛЬТАТАМИ ВЫПОЛНЕНИЯ ЖИМА ЛЕЖА НА СКАМЬЕ И ТЯГИ У ВЫСОКОКВАЛИФИЦИРОВАННЫХ ДЕВУШЕК ПАУЭРЛИФТЕРОВ ЛЕГКИХ ВЕСОВЫХ КАТЕГОРИЙ _eЖурнальная статья 210 1# _aМосква _cНациональный государственный Университет физической культуры, спорта и здоровья им. П.Ф. Лесгафта _d2023 215 ## _a3 с. 608 ## _aЖурнальная статья _2local 675 ## _aСиловой спорт. 796.894 _z 700 #1 _aТерзи _gК Г 700 #1 _aНикитина _gЕ И 856 4# _auchzapiski.lesgaft.spb.ru _u